The European Union and the Use of Force /

Contiene: 1) La Unión Europea y el uso de la fuerza: una perspectiva europea; 2) La UE, sus Estados miembros y el uso de la fuerza: ¿signos emergentes de integración europea en la política común de seguridad y defensa?; 3) El lugar de la Unión Europea como actor militar en el orden jurídico internac...

Descripción completa

Guardado en:
Detalles Bibliográficos
Autor principal: Schmidt, Julia (autor)
Formato: Libro
Idioma:Inglés
Publicado: Leiden, Holanda : Brill, 2021, c2021
Colección:(Studies in EU External Relations ; 17)
Temas:
Acceso en línea:Ver documento en línea
Etiquetas: Agrega una etiqueta
Sin etiquetas, Sé el primero en etiquetar este registro!

MARC

LEADER 00000nam^a2200000^a^4500
001 000632342
005 20260525000000.0
009 20260526154620.576
020 |a 978-90-04-35607-8 
037 |a Acervo ITESO - Biblioteca 
041 |a ING 
082 |a 320. 9406  |b SCH 
100 |a Schmidt, Julia  |e (autor) 
245 1 4 |a The European Union and the Use of Force /  |c J. Schmidt. 
264 4 |a Leiden, Holanda :  |b Brill,  |c 2021, c2021 
264 2 |a Leiden, Holanda :  |b Brill [distribución],  |c 2026 
300 |a 1 libro electrónico en línea (XVI, 342 p.) 
300 |a 1 recurso en línea 
336 |a datos para computadora  |b cod  |2 rdacontenido 
337 |a computadora  |b c  |2 rdamedio 
338 |a recurso en línea  |b cr  |2 rdasoporte 
440 1 |a (Studies in EU External Relations ;  |v 17) 
506 0 |a Licencias ilimitadas 
520 |a Contiene: 1) La Unión Europea y el uso de la fuerza: una perspectiva europea; 2) La UE, sus Estados miembros y el uso de la fuerza: ¿signos emergentes de integración europea en la política común de seguridad y defensa?; 3) El lugar de la Unión Europea como actor militar en el orden jurídico internacional: los capítulos VII y VIII de la Carta de las Naciones Unidas y el desarrollo de la responsabilidad de proteger; 4) La asociación Unión Europea-Naciones Unidas en la práctica; 5) La relación de la Unión Europea con las resoluciones del Consejo de Seguridad de las Naciones Unidas que autorizan el uso de la fuerza: una perspectiva europea; 6) Las implicaciones del silencio en el contexto del uso de la fuerza; 7) Responsabilidad y rendición de cuentas de la Unión Europea por las violaciones de los derechos humanos y del derecho internacional humanitario cometidas en el contexto de las operaciones europeas de gestión de crisis militares. 
521 |a De Gruyter Brill 2026 EEnlace Departamento de Estudios Sociopolíticos y Jurídicos  
649 |a XX 
650 |a ONU, Consejo de Seguridad 
650 |a Organizaciones Internacionales 
650 |a Fuerzas Armadas -  |z Unión Europea 
650 |a Silencio -  |x Aspectos Jurídicos 
650 |a Ayuda Humanitaria 
650 |a Protección Civil 
650 |a Seguridad Internacional 
650 |a Derechos Humanos -  |z Unión Europea 
650 |a Derecho Militar -  |z Unión Europea 
650 |a Derecho Internacional Público 
650 |a Política Internacional 
650 |a Política Militar -  |z Unión Europea -  |x Tema Principal 
650 |a Política Exterior -  |z Unión Europea 
650 |a Política -  |z Unión Europea -  |x Historia -  |y Siglo XXI 
856 4 0 |u http://ezproxy.iteso.mx/login?url=https://doi.org/10.1163/9789004356078  |y Ver documento en línea 
910 |a Fondo General 
920 |a Electrónicos - Libros en Línea 
930 |a Plataforma Digital 
905 |a 205 
901 |a 632342-1  |b IT2  |c EBO  |i C  |u 20260525 
902 |a https://opac.biblio.iteso.mx/vufind/Record/000632342